000 00709nam a22002177a 4500
003 0
005 20250507110234.0
008 250507b xxu||||| |||| 00| 0 eng d
020 _a9786214092017
050 _aHF 5549
_b.P653 2024
100 _aPingol, Geena Hipolito
_eauthor
245 _aHuman resource management
_cGeena Hipolito-Pingol and Mary Chris A. Austria
260 _aMandaluyong City
_bBooks Atbp. Publishing Corp.
_cc2024
300 _axii, 224 pages ;
_c22cm.
504 _aIncludes bibliographical references.
650 _aPersonnel management.
650 _aHuman resource management.
650 _aEmployees—Recruiting.
700 _aAustria, Mary Chris A.
942 _2lcc
_cBK
999 _c367466
_d367466